000 01232nam0a2200337 4500
001 RU\NLR\BIBL_A\022507360
005 20250708095215.0
010 _a978-5-0058-0487-7
_93000
021 _aRU
_bКН-П-25-006150
_9КН-П-25-0606
035 _a(NLR Aleph) 022507360
090 _a13450140
_c13450140
100 _a20250331d2025 u y0rusy50 ca
101 1 _arus
_ceng
102 _aRU
105 _aa z 000ay
181 0 _ai
_baxxe
182 0 _an
200 1 _aКнига дверей
_fГарет Браун
_gперевод с английского Александра Перекреста
203 _aТекст
_bвизуальный
_cнепосредственный
210 _aМосква
_cЭвербук, Дом Историй (Ирина Рябцова)
_d2025 (печ. 2024)
215 _a509, [2] с.
_cил.
_d22
225 1 _aТайная комната: немного волшебства
333 _a16+
686 1 _aШ6(4Вл)67-445{Лх1299-62}
700 1 _7ca
_8rus
_aБраун
_bГ.
_gГарет
_92653471
_3RU\NLR\AUTH\770281504
942 _cBOOK
980 _aNB
980 _aNB